000 00743nam a2200253 a 4500
001 47401
003 BD-RjUL
005 20211209054316.0
008 160808s1952 nyua 000 0 eng
035 _a(BD-RjUL)47520
035 _a(OCoLC)1317880
040 _aDLC
_cNOsU
_dOCoLC
_dUk
_dDLC
_dBD-RjUL
_beng
041 _aeng
082 _223
_a371.102
_bMEG 1952
100 1 _aMelvin, A. Gordon
_q(Arthur Gordon),
_d1894-
_9144183
245 1 0 _aGeneral methods of teaching /
_c A. Gordon Melvin.
250 _a1st ed.
260 _aNew York :
_bMcGraw-Hill,
_c1952.
300 _a251 p. :
_billus. ;
_c24 cm.
650 0 _aTeaching.
_9144184
942 _2ddc
_cBK
999 _c47401
_d47401